Alfabetización económica en estudiantes universitarios de la carrera de psicología. /

Se aplicó el Test de Alfabetización Económica para adultos (TAE-A), en estudiantes universitarios de la carrera de psicología de la Universidad de La Frontera, Chile. Los resultados indican que estos estudiantes se encuentran en un nivel medio de alfabetizacióneconómica, encontrándose diferencias si...

Full description

Bibliographic Details
Main Author: Denegri Coria, Mariela
Other Authors: Sepúlveda, Jocelyne, Vargas, Mauricio, Páez, Alex, Cabezas, Daniel
Format: Analitica de revista
Language:Spanish
Published: Santiago, Chile Consejo Superior de Educación 2009
Subjects:

MARC

LEADER 00000cab a2200000 a 4500
001 026853
003 UAHC_CL
005 20180731142929.0
008 090810b cl 000 spa
952 |0 0  |1 0  |2 ddc  |4 0  |6 CALID___EDUC_30_09_000000000000000  |7 0  |8 COMP  |9 53755  |a BC  |b BC  |c General  |d 2017-08-03  |l 0  |o CALID. EDUC.-30/09  |r 2018-01-17 00:00:00  |w 2017-08-03  |y REVA 
999 |c 26853  |d 26853 
040 |a UAHC_CL  |c UAHC_CL  |d UAHC_CL 
100 1 |a Denegri Coria, Mariela 
245 1 0 |a Alfabetización económica en estudiantes universitarios de la carrera de psicología. /  |c Mariela Denegri, ...[et al.]. 
260 |b Consejo Superior de Educación  |c 2009  |a Santiago, Chile 
300 |a pp. 233-249 
500 |a En: Calidad en la educación, no. 30, junio 2009. pp. 233-249. ISSN 0717-4004. 
520 |a Se aplicó el Test de Alfabetización Económica para adultos (TAE-A), en estudiantes universitarios de la carrera de psicología de la Universidad de La Frontera, Chile. Los resultados indican que estos estudiantes se encuentran en un nivel medio de alfabetizacióneconómica, encontrándose diferencias significativas por el nivel académico, pero no diferencias por género. 
650 4 |a ESTUDIANTES UNIVERSITARIOS 
650 4 |a GENERO 
650 4 |a ECONOMIA  |x EDUCACION  |z CHILE 
700 1 |a Sepúlveda, Jocelyne 
700 1 |a Vargas, Mauricio 
700 1 |a Páez, Alex 
700 1 |a Cabezas, Daniel 
700 1 |a Sepúlveda, Jocelyne 
700 1 |a Páez, Alex 
773 0 |t Calidad en la educación.  |w 026760 
900 |a CALID. EDUC.-30/09 
942 |c REVA  |2 ddc